[Event "Espalion Op"]
[Site "Espalion (12)"]
[Date "2018.07.16"]
[Round "4.27"]
[White "Sanchez, Corentin"]
[Black "Auzolle, Laurent"]
[Result "0-1"]
[WhiteElo "1199"]
[BlackElo "1399"]
[PlyCount "52"]
[EventDate "2018.07.??"]
[EventType "swiss"]
[EventRounds "9"]
[EventCountry "FRA"]

1. e4 c5 2. Nf3 e6 3. Nc3 Nc6 4. d4 cxd4 5. Nxd4 Bb4 6. Bf4 e5 7. Bxe5 Nxe5 8.
a3 Ba5 9. b4 Bb6 10. Be2 Nf6 11. O-O d6 12. Qc1 Bxd4 13. Nb5 Bxa1 14. Qxa1 Nxe4
15. Qa2 Be6 16. c4 O-O 17. Qc2 Nf6 18. Qd2 Nxc4 19. Bxc4 Bxc4 20. Rd1 Bxb5 21.
h3 d5 22. g4 Bc6 23. g5 Ne4 24. Qe3 Qxg5+ 25. Qxg5 Nxg5 26. h4 Nf3+ 0-1

[Event "Espalion Op"]
[Site "Espalion (12)"]
[Date "2018.07.16"]
[Round "4.28"]
[White "Callebaut, Katia"]
[Black "Vandekerckhove, Stefaan"]
[Result "1/2-1/2"]
[WhiteElo "1253"]
[BlackElo "1172"]
[PlyCount "42"]
[EventDate "2018.07.??"]
[EventType "swiss"]
[EventRounds "9"]
[EventCountry "FRA"]

1. e4 Nf6 2. Nc3 e5 3. d4 d6 4. dxe5 dxe5 5. Qxd8+ Kxd8 6. Bc4 Bb4 7. Nge2 Nxe4
8. O-O Nxc3 9. Nxc3 Bxc3 10. bxc3 Be6 11. Bxe6 fxe6 12. Bg5+ Ke8 13. Rad1 Nd7
14. Rd3 h6 15. Bc1 Rd8 16. Re1 Ke7 17. h4 e4 18. Rd4 Nc5 19. Rc4 b6 20. Bf4 Rd7
21. Be5 Rhd8 1/2-1/2

[Event "Espalion Op"]
[Site "Espalion (12)"]
[Date "2018.07.16"]
[Round "4.29"]
[White "Antos, Claude"]
[Black "Bessiere, Alain"]
[Result "1-0"]
[WhiteElo "1100"]
[BlackElo "1330"]
[PlyCount "34"]
[EventDate "2018.07.??"]
[EventType "swiss"]
[EventRounds "9"]
[EventCountry "FRA"]

1. e4 c5 2. Bc4 Nf6 3. e5 d5 4. exf6 dxc4 5. Qe2 Be6 6. fxe7 Bxe7 7. Nf3 O-O 8.
d4 cxd3 9. cxd3 Qa5+ 10. Bd2 Qb6 11. Ng5 Bxg5 12. Bxg5 Qb4+ 13. Nd2 Qxb2 14.
Rb1 Qxa2 15. Qf3 Re8 16. Qg3 Bf5+ 17. Be3 Bxd3 1-0

[Event "Espalion Op"]
[Site "Espalion (12)"]
[Date "2018.07.17"]
[Round "5.1"]
[White "Gozzoli, Yannick"]
[Black "Flear, Glenn C"]
[Result "1-0"]
[WhiteElo "2587"]
[BlackElo "2451"]
[PlyCount "41"]
[EventDate "2018.07.??"]
[EventType "swiss"]
[EventRounds "9"]
[EventCountry "FRA"]

1. d4 d5 2. Nf3 Nf6 3. c4 e6 4. Nc3 c6 5. Bg5 Nbd7 6. e3 Qa5 7. Nd2 dxc4 8.
Bxf6 Nxf6 9. Nxc4 Qc7 10. Rc1 Be7 11. g3 O-O 12. Bg2 Rd8 13. O-O Bd7 14. e4
Rac8 15. e5 Ne8 16. Ne4 c5 17. dxc5 Bb5 18. Qb3 Bxc4 19. Rxc4 Qxe5 20. Qxb7
Bxc5 21. b4 (21. b4 Bxf2+ 22. Rxf2 Rc7 (22... Rxc4 23. Qxf7+ Kh8 24. Qf8#) 23.
Rxc7 Qxc7 24. Qb5) 1-0

[Event "Espalion Op"]
[Site "Espalion (12)"]
[Date "2018.07.17"]
[Round "5.2"]
[White "Kosten, Anthony C"]
[Black "Kurayan, Ruslan"]
[Result "0-1"]
[WhiteElo "2439"]
[BlackElo "2366"]
[PlyCount "76"]
[EventDate "2018.07.??"]
[EventType "swiss"]
[EventRounds "9"]
[EventCountry "FRA"]

1. c4 Nf6 2. g3 g6 3. Bg2 Bg7 4. Nc3 O-O 5. e4 c5 6. Nge2 Nc6 7. d3 a6 8. O-O
Ne8 9. Be3 d6 10. d4 cxd4 11. Nxd4 Nc7 12. Nxc6 bxc6 13. c5 Rb8 14. cxd6 Qxd6
15. Qc2 Nb5 16. Ne2 Bg4 17. Rad1 Qc7 18. h3 Bxe2 19. Qxe2 c5 20. Rd5 Nd4 21.
Qc4 Rb4 22. Qxc5 Qxc5 23. Rxc5 Rxb2 24. Ra5 Rc8 25. Rxa6 Be5 26. Rd1 Nc2 27.
Rc1 Rd8 28. Bc5 Rd2 29. Kh1 Bd4 30. Ra8+ Kg7 31. Rd8 Rxf2 32. Rxd4 Rxg2 33. Rc4
Re2 34. a4 f6 35. e5 Ne1 36. exf6+ exf6 37. R4c3 Rh2+ 38. Kg1 Rbg2+ 0-1

[Event "Espalion Op"]
[Site "Espalion (12)"]
[Date "2018.07.17"]
[Round "5.3"]
[White "Flear, Christine"]
[Black "Stets, Dmitry"]
[Result "0-1"]
[WhiteElo "2083"]
[BlackElo "2383"]
[PlyCount "82"]
[EventDate "2018.07.??"]
[EventType "swiss"]
[EventRounds "9"]
[EventCountry "FRA"]

1. d4 Nf6 2. c4 g6 3. g3 Bg7 4. Bg2 O-O 5. Nc3 c5 6. d5 d6 7. Nf3 e6 8. O-O
exd5 9. cxd5 Re8 10. Nd2 a6 11. a4 Nbd7 12. e4 Ne5 13. Qc2 Nh5 14. h3 f5 15.
exf5 Bxf5 16. Nde4 Nf6 17. Qb3 Nxe4 18. Nxe4 Bxe4 19. Bxe4 Qe7 20. Bg2 b5 21.
Rd1 c4 22. Qa3 Qb7 23. Qxd6 Rad8 24. Qb4 Nd3 25. Rxd3 cxd3 26. Be3 Qc7 27. axb5
axb5 28. Qxb5 Rxe3 29. fxe3 d2 30. Rf1 Qxg3 31. Qe2 Be5 32. Rf2 Rxd5 33. Qd1
Rd8 34. Kf1 Qxe3 35. Rf3 Qc5 36. b3 Bh2 37. Ke2 Qb5+ 38. Kf2 Qe5 39. Re3 Qd4
40. Ke2 Bf4 41. Rf3 Re8+ 0-1

[Event "Espalion Op"]
[Site "Espalion (12)"]
[Date "2018.07.17"]
[Round "5.5"]
[White "Lagunes, Robin"]
[Black "Peter, Sebastien"]
[Result "0-1"]
[WhiteElo "1857"]
[BlackElo "2229"]
[PlyCount "64"]
[EventDate "2018.07.??"]
[EventType "swiss"]
[EventRounds "9"]
[EventCountry "FRA"]

1. c4 e6 2. Nc3 Nf6 3. g3 Bb4 4. Qc2 O-O 5. Bg2 d6 6. a3 Bxc3 7. Qxc3 a5 8. d3
a4 9. h4 c5 10. Bg5 e5 11. f4 h6 12. fxe5 dxe5 13. Qxe5 Qa5+ 14. Bd2 Qb6 15.
Bc3 Nc6 16. Qf4 Nd4 17. Bxd4 cxd4 18. Nf3 Rd8 19. Rb1 Nh5 20. Qe5 Ra5 21. Qe7
Nxg3 22. Rg1 Nf5 23. Qb4 Qc7 24. Bh1 b6 25. Qd2 Re8 26. Nxd4 Nxd4 27. Qxh6
Rxe2+ 28. Kd1 Nf5 29. Rxg7+ Nxg7 30. Kxe2 Qh2+ 31. Kf3 Rf5+ 32. Ke3 Qf2+ 0-1

[Event "Espalion Op"]
[Site "Espalion (12)"]
[Date "2018.07.17"]
[Round "5.6"]
[White "Menard, Baptiste"]
[Black "Pass, Deborah J"]
[Result "1/2-1/2"]
[WhiteElo "2184"]
[BlackElo "1951"]
[PlyCount "118"]
[EventDate "2018.07.??"]
[EventType "swiss"]
[EventRounds "9"]
[EventCountry "FRA"]

1. e4 d5 2. exd5 Nf6 3. d4 Nxd5 4. Nf3 g6 5. c4 Nb6 6. Nc3 Bg7 7. c5 Nd5 8. Bc4
Nxc3 9. bxc3 O-O 10. O-O Nc6 11. Re1 Bg4 12. Bf4 e5 13. dxe5 Qe7 14. h3 Qxc5
15. Qd5 Qxd5 16. Bxd5 Bf5 17. Rad1 Nd8 18. Bg5 c6 19. Bb3 Re8 20. Nd4 Be6 21.
c4 Bc8 22. f4 Ne6 23. Nxe6 Bxe6 24. c5 Bf8 25. Rd6 Bxd6 26. cxd6 Bd7 27. Kf2 a5
28. a4 b5 29. Rc1 Rac8 30. Rc5 Rb8 31. Bd1 h5 32. Ke3 Rec8 33. g4 bxa4 34. gxh5
Rb5 35. Rc3 Bxh3 36. hxg6 Rb4 37. gxf7+ Kxf7 38. Kd2 Bf5 39. Bc2 Rb2 40. Kc1
Rxc2+ 41. Rxc2 Bxc2 42. Kxc2 Ke6 43. Kb2 Rb8+ 44. Ka3 c5 45. Bh4 Rb3+ 46. Kxa4
Rb4+ 47. Kxa5 Rxf4 48. Bf6 Rb4 49. Bg5 Rb1 50. Be3 c4 51. Bd4 Kd7 52. Ka4 Kc6
53. Ka3 Rb3+ 54. Ka2 Rd3 55. Ba1 Kc5 56. Bb2 Rd2 (56... c3 $1 $19 57. Ba3+ Kc4
58. Bc1 (58. e6 Rd2+ 59. Bb2 Rxb2+ 60. Ka3 Rb6 61. Ka2 c2 62. d7 c1=Q) 58...
Rd2+ 59. Ka3 Rd1 60. Ka2 Rxc1 61. d7 Rd1 62. e6 c2) 57. Ka3 Rd3+ 58. Ka2 Rd2
59. Ka3 Rd3+ 1/2-1/2

[Event "Espalion Op"]
[Site "Espalion (12)"]
[Date "2018.07.17"]
[Round "5.7"]
[White "Gaubert, Cedric"]
[Black "Gerard, Nicolas"]
[Result "0-1"]
[WhiteElo "1797"]
[BlackElo "2183"]
[PlyCount "50"]
[EventDate "2018.07.??"]
[EventType "swiss"]
[EventRounds "9"]
[EventCountry "FRA"]

1. d4 d5 2. Bf4 Nf6 3. e3 e6 4. Nf3 c5 5. c3 Nc6 6. Nbd2 cxd4 7. exd4 Nh5 8.
Be3 Bd6 9. Ne5 g6 10. f4 f6 11. Nd3 Qc7 12. g3 Ng7 13. Nf3 Nf5 14. Bf2 h5 15.
Qd2 Na5 16. Bg2 Bd7 17. O-O O-O-O 18. Nc5 h4 19. Qe2 hxg3 20. hxg3 Rde8 21.
Rae1 Bxc5 22. dxc5 e5 23. fxe5 fxe5 24. b4 Nc4 25. g4 e4 0-1

[Event "Espalion Op"]
[Site "Espalion (12)"]
[Date "2018.07.17"]
[Round "5.8"]
[White "Lagunes, Jean-Renaud"]
[Black "Baroyan, Davit"]
[Result "1-0"]
[WhiteElo "1943"]
[BlackElo "2049"]
[PlyCount "65"]
[EventDate "2018.07.??"]
[EventType "swiss"]
[EventRounds "9"]
[EventCountry "FRA"]

1. e4 c5 2. Nf3 Nc6 3. b3 Nf6 4. e5 Nd5 5. c4 Nc7 6. Bb2 Ne6 7. g3 g6 8. Bh3
Ned4 9. O-O Bg7 10. Re1 d6 11. Bxc8 Nxf3+ 12. Qxf3 Qxc8 13. d4 Nxd4 14. Bxd4
cxd4 15. exd6 e5 16. Nd2 O-O 17. Rac1 b6 18. b4 a5 19. c5 axb4 20. c6 Qe6 21.
d7 Ra3 22. Nb3 Qd6 23. Qd3 Ra7 24. Re2 Rc7 25. Rec2 Bh6 26. f4 exf4 27. Qxd4
Qe6 28. d8=Q fxg3 29. Q8d5 Be3+ 30. Kg2 Bxd4 31. Qxe6 fxe6 32. Nxd4 Rcf7 33.
hxg3 1-0

[Event "Espalion Op"]
[Site "Espalion (12)"]
[Date "2018.07.17"]
[Round "5.9"]
[White "Larcheveque, Francois"]
[Black "Verat-Fayolle, Celian"]
[Result "1-0"]
[WhiteElo "1980"]
[BlackElo "1759"]
[PlyCount "73"]
[EventDate "2018.07.??"]
[EventType "swiss"]
[EventRounds "9"]
[EventCountry "FRA"]

1. d4 d5 2. c4 e6 3. Nc3 c5 4. e3 Nf6 5. Nf3 Nc6 6. cxd5 exd5 7. Bb5 Be7 8. Ne5
Bd7 9. O-O O-O 10. b3 Qc7 11. Nxd7 Qxd7 12. dxc5 Bxc5 13. Bb2 a6 14. Bxc6 Qxc6
15. Rc1 Qd6 16. Na4 Ba7 17. Bxf6 Qxf6 18. Qxd5 b5 19. Nc5 Rfd8 20. Qb7 Qd6 21.
Ne4 Qe5 22. Rcd1 f5 23. Ng5 Bxe3 24. Nf3 Bxf2+ 25. Kxf2 Qc5+ 26. Kg3 f4+ 27.
Kxf4 g5+ 28. Nxg5 Rd4+ 29. Rxd4 Qxd4+ 30. Kg3 Qe3+ 31. Nf3 Rf8 32. Qd5+ Kh8 33.
h3 Qf4+ 34. Kf2 Qh2 35. Qd4+ Kg8 36. Qg4+ Kh8 37. Qg3 1-0

[Event "Espalion Op"]
[Site "Espalion (12)"]
[Date "2018.07.17"]
[Round "5.10"]
[White "Duffau, Pascal"]
[Black "Veschambre, Antoine"]
[Result "1/2-1/2"]
[WhiteElo "1952"]
[BlackElo "1730"]
[PlyCount "112"]
[EventDate "2018.07.??"]
[EventType "swiss"]
[EventRounds "9"]
[EventCountry "FRA"]

1. Nf3 Nf6 2. c4 e6 3. Nc3 Bb4 4. Qc2 O-O 5. g3 d5 6. cxd5 exd5 7. Bg2 Re8 8.
d4 Nc6 9. O-O Bg4 10. Rd1 Ne4 11. Bf4 Bxc3 12. bxc3 Na5 13. Ne5 Bf5 14. Qa4 b6
15. Rac1 f6 16. Nd3 g5 17. Bd2 Nc4 18. Be1 g4 19. Qb3 Qd6 20. Nb2 Na5 21. Qb4
Qe6 22. c4 c6 23. Bd2 Nd6 24. cxd5 cxd5 25. Bf4 Nac4 26. Nxc4 Nxc4 27. e3 Be4
28. Bxe4 Qxe4 29. Qb1 Qe7 30. Qf5 Qe6 31. Qxe6+ Rxe6 32. Kf1 Kf7 33. Ke2 h5 34.
h3 Rh8 35. hxg4 hxg4 36. Rh1 Ree8 37. f3 Rxh1 38. Rxh1 Rg8 39. Rh7+ Rg7 40.
Rxg7+ Kxg7 41. fxg4 b5 42. Kd3 a5 43. Kc3 Kf7 44. e4 dxe4 45. d5 e3 46. Kd3 Ke7
47. d6+ Nxd6 48. Bxe3 Nc4 49. Bc5+ Ke6 50. Bf8 Ne5+ 51. Kd4 b4 52. Bh6 Nxg4 53.
Bf4 a4 54. Kc4 b3 55. axb3 axb3 56. Kxb3 Kd5 1/2-1/2

[Event "Espalion Op"]
[Site "Espalion (12)"]
[Date "2018.07.17"]
[Round "5.11"]
[White "Malart, Jacques"]
[Black "Carton, Patrick"]
[Result "0-1"]
[WhiteElo "1735"]
[BlackElo "2189"]
[PlyCount "72"]
[EventDate "2018.07.??"]
[EventType "swiss"]
[EventRounds "9"]
[EventCountry "FRA"]

1. e4 c5 2. Nc3 Nc6 3. f4 d6 4. Bc4 Nf6 5. Nf3 e6 6. f5 d5 7. exd5 exd5 8. Bb5
Bd6 9. Qe2+ Qe7 10. Qxe7+ Kxe7 11. O-O d4 12. Ne2 Bd7 13. d3 h6 14. Bd2 Rhe8
15. Rae1 Kf8 16. a3 Nd5 17. Bc4 Ne3 18. Bxe3 Rxe3 19. Nd2 Re5 20. Ne4 Be7 21.
f6 Bxf6 22. Nxf6 gxf6 23. Rxf6 Be6 24. Rxh6 Kg7 25. Rh3 Bxh3 26. gxh3 Rae8 27.
Kf2 Kf8 28. Bb5 R8e6 29. Bxc6 bxc6 30. Kf3 Re3+ 31. Kf2 Rf6+ 32. Kg2 Kg7 33. h4
Kh6 34. h5 Rfe6 35. Kf2 f5 36. b3 f4 0-1

[Event "Espalion Op"]
[Site "Espalion (12)"]
[Date "2018.07.17"]
[Round "5.12"]
[White "Baduel, Alain"]
[Black "Flaujac, Benoit"]
[Result "0-1"]
[WhiteElo "1600"]
[BlackElo "1902"]
[PlyCount "52"]
[EventDate "2018.07.??"]
[EventType "swiss"]
[EventRounds "9"]
[EventCountry "FRA"]

1. e4 e5 2. Nf3 Nc6 3. Nc3 Nf6 4. d4 exd4 5. Nxd4 Nxd4 6. Qxd4 d6 7. Be2 Be7 8.
O-O O-O 9. Be3 Ng4 10. Qd1 Nxe3 11. fxe3 c6 12. Qe1 Qb6 13. Rb1 Qxe3+ 14. Kh1
Qh6 15. Qf2 Be6 16. a3 f5 17. exf5 Bxf5 18. Bf3 d5 19. Rbe1 Bd6 20. g3 Bh3 21.
Rg1 Bg4 22. Rgf1 Rxf3 23. Qxf3 Bxf3+ 24. Rxf3 Rf8 25. Rd3 Qh3 26. Ne2 Rf2 0-1

[Event "Espalion Op"]
[Site "Espalion (12)"]
[Date "2018.07.17"]
[Round "5.13"]
[White "Mourgues, Joelle"]
[Black "Tholey, Jean-Paul"]
[Result "1/2-1/2"]
[WhiteElo "1580"]
[BlackElo "1815"]
[PlyCount "144"]
[EventDate "2018.07.??"]
[EventType "swiss"]
[EventRounds "9"]
[EventCountry "FRA"]

1. Nf3 d5 2. d3 Nf6 3. g3 Bf5 4. Bg2 e6 5. c3 c5 6. Nh4 Bg4 7. h3 Bh5 8. O-O
Nc6 9. f4 Bd6 10. Qe1 Bg6 11. Nxg6 hxg6 12. e4 dxe4 13. dxe4 e5 14. f5 Ne7 15.
fxg6 Nxg6 16. Bg5 Be7 17. Na3 Qb6 18. Nc4 Qe6 19. Ne3 O-O-O 20. Bxf6 Bxf6 21.
Nd5 Be7 22. c4 Kb8 23. a4 Bd6 24. a5 Ne7 25. Qe3 Nc6 26. Qf3 f6 27. Qf5 Nd4 28.
Qxe6 Nxe6 29. a6 b6 30. Rab1 Nd4 31. Nc3 Nb3 32. Rbd1 Na5 33. Nb5 Bc7 34. Rxd8+
Rxd8 35. Rc1 Rd2 36. h4 Rxb2 37. g4 Nb3 38. Rc3 Nd4 39. Nxd4 exd4 40. Rf3 Re2
41. g5 Be5 42. gxf6 gxf6 43. h5 Rxe4 44. h6 Rh4 45. Rh3 Rxh3 46. Bxh3 f5 47.
Bxf5 b5 48. Bd3 b4 49. h7 Kc7 50. Kg2 Kb6 51. Kf3 Kxa6 52. Ke4 Bh8 53. Kd5 Kb6
54. Bc2 Bg7 55. Ke4 Kc6 56. Ba4+ Kd6 57. Bc2 Ke6 58. Ba4 a6 59. Bc2 a5 60. Ba4
Kf6 61. Kf4 Kg6 62. Bc2+ Kh6 63. Ke4 Kxh7 64. Kd5+ Kh6 65. Kxc5 Kg5 66. Kd5 Kf4
67. c5 Be5 68. c6 d3 69. Bxd3 a4 70. Kc4 b3 71. Kb4 Bd6+ 72. Kxa4 b2 1/2-1/2

[Event "Espalion Op"]
[Site "Espalion (12)"]
[Date "2018.07.17"]
[Round "5.14"]
[White "Garde, Guillaume"]
[Black "Pascot, Jean"]
[Result "0-1"]
[WhiteElo "1405"]
[BlackElo "1796"]
[PlyCount "100"]
[EventDate "2018.07.??"]
[EventType "swiss"]
[EventRounds "9"]
[EventCountry "FRA"]

1. e4 c6 2. d4 g6 3. c4 Bg7 4. Nf3 d6 5. Nc3 Nf6 6. Be2 O-O 7. Be3 Nbd7 8. O-O
a6 9. h3 b5 10. b3 b4 11. Nb1 Nxe4 12. Bd3 Nef6 13. Nbd2 c5 14. d5 a5 15. a4 e6
16. dxe6 fxe6 17. Rb1 Bb7 18. Re1 Qc7 19. Bf4 Rac8 20. Bg3 Qc6 21. Bf1 e5 22.
Qc2 Nh5 23. Bh2 Nf4 24. Rbd1 Nxh3+ 25. gxh3 Rxf3 26. Bg2 Rg3 27. Ne4 Rxg2+ 28.
Kxg2 Nf6 29. f3 Rd8 30. Qd3 Rd7 31. Re3 d5 32. Nxf6+ Bxf6 33. cxd5 Rxd5 34. Qc4
Kg7 35. Rxd5 Qxd5 36. Qxd5 Bxd5 37. Bxe5 Kf7 38. Bc7 c4 39. bxc4 Bxc4 40. Be5
b3 41. Bxf6 Kxf6 42. Re8 g5 43. Rc8 Bb5 44. Rb8 Bxa4 45. Kf2 Ke5 46. Ke3 Kd6
47. Kd2 Kc7 48. Rh8 b2 49. Rxh7+ Kc6 50. Rh6+ Kc5 0-1

[Event "Espalion Op"]
[Site "Espalion (12)"]
[Date "2018.07.17"]
[Round "5.15"]
[White "Daude, Alexandre"]
[Black "Joli, Laurent"]
[Result "0-1"]
[WhiteElo "1352"]
[BlackElo "1793"]
[PlyCount "56"]
[EventDate "2018.07.??"]
[EventType "swiss"]
[EventRounds "9"]
[EventCountry "FRA"]

1. e4 e5 2. Nf3 Nc6 3. Bc4 Be7 4. Nc3 d6 5. d3 Na5 6. Bb3 Nxb3 7. axb3 c6 8. h3
f5 9. g3 Nf6 10. Nh4 fxe4 11. dxe4 O-O 12. f4 exf4 13. Bxf4 Nxe4 14. Nxe4 d5
15. Ng5 Bxg5 16. Bxg5 Qxg5 17. Qd3 Qe5+ 18. Kd1 Qxb2 19. Rc1 Qf6 20. c4 Be6 21.
cxd5 Bxd5 22. Re1 Rad8 23. Kc2 Be6 24. Qe3 Bxh3 25. Qxa7 Ra8 26. Qxb7 Ra2+ 27.
Kd3 Rd8+ 28. Ke3 Qd4+ 0-1

[Event "Espalion Op"]
[Site "Espalion (12)"]
[Date "2018.07.17"]
[Round "5.16"]
[White "Carno, Matthias"]
[Black "Rabier, Jean"]
[Result "1-0"]
[WhiteElo "1783"]
[BlackElo "1732"]
[PlyCount "49"]
[EventDate "2018.07.??"]
[EventType "swiss"]
[EventRounds "9"]
[EventCountry "FRA"]

1. e4 c5 2. Nc3 Nc6 3. f4 d6 4. Nf3 g6 5. d3 Bg7 6. Be2 e6 7. Be3 b6 8. Qd2
Nge7 9. h4 h5 10. d4 cxd4 11. Nxd4 Nxd4 12. Bxd4 e5 13. Be3 O-O 14. O-O-O d5
15. Nxd5 Be6 16. g4 Bxg4 17. Bxg4 hxg4 18. h5 Nxd5 19. exd5 exf4 20. Bxf4 Qf6
21. c3 Rfc8 22. d6 Qe6 23. hxg6 Qxa2 24. gxf7+ Kf8 25. Bh6 1-0

[Event "Espalion Op"]
[Site "Espalion (12)"]
[Date "2018.07.17"]
[Round "5.17"]
[White "Hadamard, Olivier"]
[Black "Martinez, Philippe"]
[Result "1/2-1/2"]
[WhiteElo "1776"]
[BlackElo "1506"]
[PlyCount "80"]
[EventDate "2018.07.??"]
[EventType "swiss"]
[EventRounds "9"]
[EventCountry "FRA"]

1. d4 d5 2. c4 c6 3. Nf3 Nf6 4. Nc3 Bg4 5. Ne5 Bf5 6. e3 Nbd7 7. cxd5 Nxe5 8.
dxe5 Nxd5 9. Nxd5 Qxd5 10. Qxd5 cxd5 11. Bd2 Rc8 12. Bc3 a6 13. Be2 Bd7 14. O-O
e6 15. Bd3 Be7 16. f4 Bc5 17. Bd4 Bxd4 18. exd4 O-O 19. Rac1 g6 20. b4 Rfd8 21.
Kf2 Kf8 22. Ke3 Ke7 23. Kd2 Rxc1 24. Rxc1 Ba4 25. g4 Kd7 26. h4 Rf8 27. g5 Rc8
28. Rh1 Bb5 29. h5 Bxd3 30. Kxd3 Ke7 31. a3 b5 32. Rh2 Kd7 33. Ra2 Rc4 34. hxg6
hxg6 35. Rh2 Rc1 36. Rh7 Ke7 37. Rh3 Rf1 38. Ke3 Ra1 39. Ke2 Ra2+ 40. Ke1 Ra1+
1/2-1/2

[Event "Espalion Op"]
[Site "Espalion (12)"]
[Date "2018.07.17"]
[Round "5.18"]
[White "Martinez, Felicien"]
[Black "Charlier, Antoine"]
[Result "1-0"]
[WhiteElo "1766"]
[BlackElo "1259"]
[PlyCount "125"]
[EventDate "2018.07.??"]
[EventType "swiss"]
[EventRounds "9"]
[EventCountry "FRA"]

1. e4 d5 2. Nc3 d4 3. Nce2 Nc6 4. Ng3 Nf6 5. Bc4 e5 6. a3 Bc5 7. d3 O-O 8. f4
Ng4 9. f5 Ne3 10. Bxe3 dxe3 11. c3 Qe7 12. Nf3 Rd8 13. Qe2 Na5 14. Ba2 Bb6 15.
O-O Rxd3 16. Qxd3 e2+ 17. Rf2 Bxf2+ 18. Kxf2 Bd7 19. Qxe2 Qc5+ 20. Qe3 Qb5 21.
b3 Nc6 22. a4 Qa6 23. b4 b5 24. a5 h6 25. f6 Bg4 26. fxg7 Kxg7 27. h3 Bxf3 28.
gxf3 Ne7 29. Rg1 Kf8 30. Qc5 Rd8 31. Nf5 Qf6 32. Qxe7+ Qxe7 33. Nxe7 Kxe7 34.
Ke3 Kf6 35. Bd5 Rd6 36. Rg8 c6 37. Bb3 a6 38. Rb8 Kg5 39. Rg8+ Kh4 40. Bxf7
Kxh3 41. Rg6 Rxg6 42. Bxg6 Kh4 43. f4 h5 44. Bf5 exf4+ 45. Kxf4 c5 46. Ke5 cxb4
47. cxb4 Kg3 48. Kd6 Kf4 49. e5 Kxf5 50. e6 h4 51. e7 h3 52. e8=Q h2 53. Qh8
Ke4 54. Qxh2 Kd4 55. Qc2 Ke3 56. Kd5 Kf4 57. Qe4+ Kg3 58. Qf5 Kg2 59. Qf4 Kg1
60. Qd2 Kh1 61. Ke4 Kg1 62. Kf3 Kh1 63. Qg2# 1-0

[Event "Espalion Op"]
[Site "Espalion (12)"]
[Date "2018.07.17"]
[Round "5.19"]
[White "Griggio, Jean-Paul"]
[Black "Martin, Gerard"]
[Result "1-0"]
[WhiteElo "1752"]
[BlackElo "1381"]
[PlyCount "79"]
[EventDate "2018.07.??"]
[EventType "swiss"]
[EventRounds "9"]
[EventCountry "FRA"]

1. e4 d6 2. d4 e6 3. Nf3 h6 4. Be3 a6 5. h3 Nd7 6. Bd3 b6 7. c4 Bb7 8. Nc3 g6
9. Qd2 Bg7 10. O-O-O Qe7 11. Kb1 O-O-O 12. d5 e5 13. b4 h5 14. Qe2 Bh6 15. c5
dxc5 16. bxc5 Nxc5 17. Bxc5 Qxc5 18. Qb2 b5 19. Rhe1 f6 20. Re2 Bf8 21. Rc2 Qa3
22. Qa1 Qb4+ 23. Qb2 Qa3 24. Rdc1 Qxb2+ 25. Kxb2 c5 26. dxc6 Rxd3 27. cxb7+
Kxb7 28. Nb1 Bd6 29. Rc8 Bb8 30. Re8 Rd7 31. Rcc8 Ba7 32. Rxg8 Rxg8 33. Rxg8
Bxf2 34. Rxg6 f5 35. Nbd2 fxe4 36. Nxe4 Bd4+ 37. Nxd4 exd4 38. Nc5+ Kc7 39.
Nxd7 Kxd7 40. Rxa6 1-0

[Event "Espalion Op"]
[Site "Espalion (12)"]
[Date "2018.07.17"]
[Round "5.20"]
[White "Muller-Moingt, Bastien"]
[Black "Rinie, Jean-Jacques"]
[Result "1/2-1/2"]
[WhiteElo "1007"]
[BlackElo "1654"]
[PlyCount "74"]
[EventDate "2018.07.??"]
[EventType "swiss"]
[EventRounds "9"]
[EventCountry "FRA"]

1. e4 c5 2. Nf3 d6 3. c3 Nf6 4. Bd3 b6 5. Bc2 Bb7 6. d3 e6 7. h3 Be7 8. O-O O-O
9. Re1 Nbd7 10. Nbd2 Qc7 11. Nf1 Rfe8 12. Ng3 Rac8 13. a3 a6 14. Be3 b5 15. Rc1
Bc6 16. d4 Nxe4 17. Nxe4 Qb7 18. Ned2 Nf6 19. Qe2 c4 20. b3 Nd5 21. bxc4 Nxe3
22. Qxe3 bxc4 23. Nxc4 Bxf3 24. gxf3 Qd5 25. Qd3 g6 26. Ne3 Qh5 27. Qf1 Qxf3
28. Ba4 Rf8 29. Qg2 Qh5 30. Bd1 Qa5 31. Qb7 Rxc3 32. Rxc3 Qxc3 33. Kf1 Bh4 34.
Qxa6 Qd2 35. Qe2 Qxd4 36. Qg4 Qf6 37. Qf3 Qd4 1/2-1/2

[Event "Espalion Op"]
[Site "Espalion (12)"]
[Date "2018.07.17"]
[Round "5.21"]
[White "Deceuninck, Andre"]
[Black "Dewilde, Rudi"]
[Result "1/2-1/2"]
[WhiteElo "1570"]
[BlackElo "1272"]
[PlyCount "42"]
[EventDate "2018.07.??"]
[EventType "swiss"]
[EventRounds "9"]
[EventCountry "FRA"]

1. Nf3 e6 2. e3 d5 3. c4 c5 4. b3 Nc6 5. Bb2 Nf6 6. d4 Bd7 7. Nbd2 b6 8. Bd3 g6
9. dxc5 bxc5 10. O-O Bg7 11. Rc1 Qe7 12. cxd5 Nb4 13. Bb1 Nbxd5 14. Ne4 Rc8 15.
Bxf6 Bxf6 16. Nxf6+ Nxf6 17. Ne5 O-O 18. Qf3 Nd5 19. Rfd1 Rfd8 20. e4 Qf6 21.
exd5 Qxe5 1/2-1/2

[Event "Espalion Op"]
[Site "Espalion (12)"]
[Date "2018.07.17"]
[Round "5.22"]
[White "Kosten-Forintos, Gyongyver"]
[Black "Boulier, Rene"]
[Result "1/2-1/2"]
[WhiteElo "1685"]
[BlackElo "1590"]
[PlyCount "28"]
[EventDate "2018.07.??"]
[EventType "swiss"]
[EventRounds "9"]
[EventCountry "FRA"]

1. d4 Nf6 2. Nf3 g6 3. Bg5 Bg7 4. e3 d5 5. Bd3 Bg4 6. a3 Bxf3 7. Qxf3 Nbd7 8.
O-O O-O 9. c3 c6 10. Nd2 Re8 11. e4 dxe4 12. Nxe4 Nxe4 13. Bxe4 Nf6 14. Bc2 Qd5
1/2-1/2

[Event "Espalion Op"]
[Site "Espalion (12)"]
[Date "2018.07.17"]
[Round "5.23"]
[White "Chazeau, Laineur-Lothaire"]
[Black "Veschambre, Martin"]
[Result "1/2-1/2"]
[WhiteElo "1651"]
[BlackElo "1541"]
[PlyCount "78"]
[EventDate "2018.07.??"]
[EventType "swiss"]
[EventRounds "9"]
[EventCountry "FRA"]

1. d4 d5 2. Bf4 Nf6 3. e3 c5 4. c3 Nc6 5. Nd2 Bf5 6. Ngf3 Qb6 7. Qb3 c4 8. Qxb6
axb6 9. Be2 b5 10. Nh4 Bg6 11. Nxg6 hxg6 12. O-O b4 13. Nb1 e6 14. cxb4 Nxb4
15. Nc3 Nh5 16. Bc7 Kd7 17. Bg3 Nxg3 18. hxg3 Be7 19. a3 Na6 20. e4 Nc7 21.
exd5 exd5 22. f4 Bf6 23. Rad1 Kd6 24. f5 g5 25. Bf3 Rhe8 26. Kf2 Rab8 27. Rd2
b5 28. Na2 Re7 29. Nb4 Rbe8 30. g4 g6 31. fxg6 fxg6 32. Rh1 Rh8 33. Rf1 Bg7 34.
Kg3 Rf8 35. Rh1 Rf4 36. Rhd1 Re3 37. Nc2 Re7 38. Nb4 Re3 39. Nc2 Re7 1/2-1/2

[Event "Espalion Op"]
[Site "Espalion (12)"]
[Date "2018.07.17"]
[Round "5.24"]
[White "Marie, Olivier"]
[Black "Herrero, Alain"]
[Result "1-0"]
[WhiteElo "1544"]
[BlackElo "1647"]
[PlyCount "98"]
[EventDate "2018.07.??"]
[EventType "swiss"]
[EventRounds "9"]
[EventCountry "FRA"]

1. e4 c5 2. g3 Nc6 3. Bg2 g6 4. c3 Bg7 5. Na3 Nf6 6. Ne2 d5 7. exd5 Nxd5 8. Qb3
Nb6 9. Qb5 Nd7 10. Bxc6 bxc6 11. Qxc6 Rb8 12. Qa4 O-O 13. d4 Nb6 14. Qd1 Bb7
15. O-O Qd5 16. f3 cxd4 17. Nxd4 Rbd8 18. Be3 e5 19. Ndb5 Qe6 20. Qb3 Bd5 21.
Qc2 Qc6 22. Nxa7 Qb7 23. Bxb6 Qxb6+ 24. Qf2 Qb7 25. N7b5 f5 26. Qe2 Rfe8 27. c4
Bc6 28. Rad1 e4 29. fxe4 Bxe4 30. Qf2 Rd7 31. Nd6 Rxd6 32. Rxd6 Qb4 33. Rb6 Qa5
34. Rb5 Qd8 35. Nc2 Qd3 36. Rc1 Bh6 37. Ne1 Qd2 38. Qxd2 Bxd2 39. Ra1 Bc6 40.
Nc2 Bxb5 41. cxb5 Rc8 42. Na3 Bb4 43. Rb1 Kf7 44. Kg2 Ke6 45. Rd1 Ke5 46. Rd3
Rc1 47. Rb3 Bc5 48. h4 h5 49. b6 Rg1+ 1-0